Quiz di cultura generale #96 - Statistics

Statistiche generali
  • Questo quiz è stato fatto 361 volte
  • Il punteggio medio è 14 su 20
Statistiche sulle risposte
DOMANDA RISPOSTA % Corretto
Il continente in cui si trovano le isole Figi Oceania
95%
Nota marca di lusso di orologi Rolex
92%
Chef e presentatore del noto programma "Quattro ristoranti" Alessandro/Borghese
91%
La radice quadrata di 121 11
90%
Quale malattia è caratterizzata dall'incapacità dell'organismo di produrre insulina o di rispondere all'insulina? Diabete
90%
L'unico stato Usa ad iniziare con la lettera F Florida
89%
Nazione famosa per il suo yogurt Grecia
83%
Tra le sue canzoni c'è "Il più grande spettacolo dopo il Big Bang" Jovanotti
83%
Capitale europea che inizia per D Dublino
82%
Il nome del canale 7 del digitale terrestre La7
82%
In inglese si dice widow Vedova
77%
La nazione di provenienza dell'attore e modello Can Yaman Turchia
72%
Ha scritto 20mila leghe sotto i mari e Giro del mondo in 80 giorni Jules/Verne
61%
Presidente che faceva parte del KGB Vladimir/Putin
61%
Suo è il Sanremo del 2020 Diodato
58%
L'unica nazione senza sbocco sul mare che inizia con la lettera P Paraguay
56%
Sottile focaccia di farina di grano, strutto o olio di oliva, lievito, sale e acqua, che viene tradizionalmente cotta su una lastra rotonda Piadina
50%
In questa città girano la famosa fiction "Don Matteo" Spoleto
35%
Il nome del campionato dell'Arabia Saudita Saudi Pro League
28%
La città più popolosa il cui territorio era sotto l'Impero Romano Il Cairo/Cairo
19%
Nessun quiz corrispondente trovato
Distribuzione punteggi
Percentuale di utenti per punteggio
Percentile per numero di risposta
I tuoi punteggi nel tempo
Non hai fatto questo quiz